Frank lloyd wright glass

Bibliographic Details
Main Author: Ehrlich, Doreen
Other Authors: Wright, Frank Llyod
Format: Book
Published: Kent : Grange Books PLC , 2000
Subjects:

MARC

LEADER 00000cam a2200000 7i4500
001 0000047624
005 20010806.0
020 |a 1840133694 
090 0 0 |a 748.5913   |b EHR 
100 1 |a Ehrlich, Doreen 
245 1 0 |a Frank lloyd wright glass   |c Doreen Ehrlich 
260 |a Kent :   |b Grange Books PLC ,   |c 2000 
300 |a 176p. :   |b ill. ;   |c 31cm. 
650 0 0 |a Decoration and ornament, architectural   |z United states 
650 0 0 |a Glass art   |z United states 
650 0 0 |a Glass painting and staining   |z United states 
700 1 |a Wright, Frank Llyod 
999 |a 00108319   |b BUKU   |c PINJAMAN   |e PERPUSTAKAAN KOMUNITI PETALING JAYA 
999 |a 137491   |b BUKU   |c PINJAMAN   |e PERPUSTAKAAN KOMUNITI PETALING JAYA